Southville International School and Colleges
Your cart is empty.
  • Cart
  • Lists
    Public lists Eva Luna New books Lux_list list_1
    Your lists Log in to create your own lists
  • Log in to your account
  • Your cookies
  • Search history
Southville International School and Colleges
  • Advanced search
  • Recent comments
  • Most popular
  • Libraries

Log in to your account

Log in with GOOGLE


If you do not have an external account, but do have a local account, you can still log in:

  1. Home
  2. MARC view: Deryni rising /
Normal view MARC view ISBD view

Deryni rising / (Record no. 20440)

[ view plain ]
MARC details
000 -LEADER
fixed length control field 00458nam a2200169 a 4500
005 - DATE AND TIME OF LATEST TRANSACTION
control field 20140310183228.0
008 - FIXED-LENGTH DATA ELEMENTS--GENERAL INFORMATION
fixed length control field 040308s19uu xx 00 eng d
020 ## - INTERNATIONAL STANDARD BOOK NUMBER
International Standard Book Number 0712608486
050 ## - LIBRARY OF CONGRESS CALL NUMBER
Classification number PS 3561.U69
Item number .K96 1985 vol.1
100 ## - MAIN ENTRY--PERSONAL NAME
Personal name Kurtz, Katherine
245 ## - TITLE STATEMENT
Title Deryni rising /
Remainder of title Katherine Kurtz.
260 ## - PUBLICATION, DISTRIBUTION, ETC. (IMPRINT)
Place of publication, distribution, etc London,
Name of publisher, distributor, etc The Guernsey Press Co. Ltd.,
Date of publication, distribution, etc 1985.
300 ## - PHYSICAL DESCRIPTION
Extent 271 p. :
Dimensions 18 cm.
650 ## - SUBJECT ADDED ENTRY--TOPICAL TERM
Topical term or geographic name as entry element Fiction.
942 ## - ADDED ENTRY ELEMENTS (KOHA)
Koha item type Books
Source of classification or shelving scheme Library of Congress Classification
Holdings
Withdrawn status Lost status Source of classification or shelving scheme Damaged status Home library Current library Shelving location Date acquired Total Checkouts Full call number Barcode Date last seen Copy number Price effective from Koha item type
    Library of Congress Classification   College Library College Library Fiction Section 10/14/2010   PS 3561.U69 .K96 1985 vol.1 C4384 05/08/2018 1 10/10/2013 Books

Deryni rising /

APA

Kurtz K., . (1985). Deryni rising. London: The Guernsey Press Co. Ltd.

Chicago

Kurtz Katherine, . 1985. Deryni rising. London: The Guernsey Press Co. Ltd.

Harvard

Kurtz K., . (1985). Deryni rising. London: The Guernsey Press Co. Ltd.

MLA

Kurtz Katherine, . Deryni rising. London: The Guernsey Press Co. Ltd. 1985.

  • Place hold
  • Print
  • Cite
  • Add to your cart (remove)
  • Save record
    BIBTEX Dublin Core MARCXML MARC (non-Unicode/MARC-8) MARC (Unicode/UTF-8) MARC (Unicode/UTF-8, Standard) MODS (XML) RIS
  • More searches
    Search for this title in:
    Other Libraries (WorldCat) Other Databases (Google Scholar) Online Stores (Bookfinder.com) Open Library (openlibrary.org)

Exporting to Dublin Core...

SOUTHVILLE LIBRARY

Southville International School and Colleges Library

1281 Tropical Ave. Cor. Luxembourg St., BF Homes International, Las Pinas City

Tel. No. 8256374 / 252358 Loc. 117/146

Powered by Koha